000 00266nam a2200109Ia 4500
008 200302s9999 xx 000 0 und d
100 _aMartin M. Pegler
245 _aRetail Entertainment
260 _bRetail Reporting Corporation
260 _c1998
300 _a175 P.,
999 _c2139
_d2139